| 000 | 00682nam a22002411 4500 | ||
|---|---|---|---|
| 001 | 77313 | ||
| 003 | BD-RjUL | ||
| 005 | 20211209082946.0 | ||
| 008 | 200312s1923 nyu 000 0 eng | ||
| 035 | _a(BD-RjUL) | ||
| 040 |
_aDLC _cDLC _dDLC _beng |
||
| 041 | _aeng | ||
| 082 |
_a821.9 _bMAP 1930 |
||
| 100 | 1 |
_aMasefield, John, _d1878-1967. _9240830 |
|
| 245 | 1 | 0 |
_aPhilip, the king, and other poems / _cby John Masefield. |
| 260 |
_aLondon : _bWilliam Heinemann, _c1930. |
||
| 300 |
_a117 p.; _c18 cm. |
||
| 650 |
_aEnglish poetry _9240831 |
||
| 906 |
_a7 _bcbc _corignew _d1 _eocip _f19 _gy-gencatlg |
||
| 942 |
_2ddc _cBK |
||
| 999 |
_c77313 _d77313 |
||